000 00409nam a2200169Ia 4500
008 230516s9999 xx 000 0 und d
041 _aeng
082 _a615.19
_bHIG/ BRA
100 _aHIGUCHI , BRACHMAN
245 _aPHARMACEUTICAL ANALYSIS
260 _bC.B.S. PUBLISHERS & DISTRUTORS
_c2000
300 _a854
365 _h23
500 _aPB
520 _aPA
650 _aPHARMACEUTICAL ANALYSIS
999 _c363593
_d363593